Praktická aplikace metod lineárního programování /

Salvato in:
Dettagli Bibliografici
Autori principali: Vodáček, Leo (Autore), Kadlec, Vladimír (Autore)
Natura: Libro
Lingua:ceco
Pubblicazione: Praha : NPL, 1962
Soggetti:
Tags: Aggiungi Tag
Nessun Tag, puoi essere il primo ad aggiungerne!!

MARC

LEADER 00000nam a22000003a 4500
001 stu37501
005 20150617225723.9
008 920714s1962----cs------------------cze-d
040 |a STU  |b slo 
041 0 |a cze 
044 |a cs 
080 |a 519.852  |7 stu_us_auth*stu8185 
100 1 |a Vodáček, Leo  |4 aut 
245 1 |a Praktická aplikace metod lineárního programování /  |c [aut.]Vladimír Kadlec, Leo Vodáček 
260 |a Praha :  |b NPL,  |c 1962 
300 |a 231 s 
650 7 |a Programovanie lineárne  |2 stusub 
700 1 |a Kadlec, Vladimír  |4 aut 
996 |b 284M002546  |c M*4772-1  |l MMKN  |s A  |a 24  |w stu37501_0001 
996 |b 284M002547  |c M*4772-2  |l MMKN  |s A  |a 24  |w stu37501_0002